MARC

LEADER 00000cam a2200000 7i4500
001 0000002680
005 20031029.0
090 0 0 |a FAO634.95   |b BRO 1997 
100 1 0 |a BROWN   |h Chris 
245 1 0 |a Regional study - the South Pacific   |c by Chris Brown 
260 0 0 |a Rome :   |b Food and Agriculture Organization of the United Nations ,   |c 1997 
300 |a 51 p. ;   |c 30 cm. 
440 0 0 |a Asia-Pacific forestry sector outlook study working paper series no. APFSOS/WP/01 
500 0 0 |a Bibliography : p. 48-51 
650 0 0 |a Forests and forestry   |z Asia 
650 0 0 |a Forests and forestry   |z Pacific Area 
710 1 1 |a Food and Agriculture Organization of the United Nations (FAO) 
998 |a JPSM 
999 |a 0000004730   |b Monograph   |c Food and Agriculture Organization   |e Default branch 
999 |a 0000004731   |b Monograph   |c Food and Agriculture Organization   |e Default branch